[Event "26th Abu Dhabi Masters"]
[Site "Abu Dhabi UAE"]
[Date "2019.08.09"]
[Round "8.41"]
[White "Mendonca, Leon Luke"]
[Black "Pranesh, M"]
[Result "1-0"]
[WhiteTitle "IM"]
[BlackTitle "FM"]
[WhiteElo "2401"]
[BlackElo "2296"]
[WhiteFideId "35028561"]
[BlackFideId "35028600"]
[EventDate "2019.08.02"]

1. d4 Nf6 2. c4 e6 3. Nc3 Bb4 4. e3 O-O 5. Bd3 d5 6. a3 Bxc3+ 7. bxc3 c6 8. Ne2
b6 9. cxd5 cxd5 10. O-O Ba6 11. Bxa6 Nxa6 12. Qd3 Nb8 13. c4 dxc4 14. Qxc4 Qd5
15. Qxd5 exd5 16. f3 Nc6 17. Bd2 Rfc8 18. Rfc1 Ne7 19. Kf2 Nf5 20. Nf4 h5 21. a4
a5 22. Rab1 Nd6 23. Ke2 Rxc1 24. Rxc1 Rc8 25. Rxc8+ Nxc8 26. Kd3 Nd6 27. Ne2 Kf8
28. Nc3 Ke7 29. h3 Ke6 30. e4 Nc8 31. Bg5 Ne7 32. Bxf6 dxe4+ 33. fxe4 gxf6 34.
Kc4 f5 35. e5 f4 36. Kb5 Nd5 37. Nxd5 Kxd5 38. Kxb6 Kxd4 39. Kxa5 Ke3 40. Kb4
Kf2 41. a5 Kxg2 42. a6 f3 43. a7 f2 44. a8=Q+ Kg1 45. Qa7 h4 46. Qxf7 f1=Q 47.
Qxf1+ Kxf1 48. e6 Kg2 49. e7 Kxh3 50. e8=Q Kh2 51. Qh5 Kg3 52. Qg5+ Kf3 53. Qxh4
Ke3 54. Qg4 Kd3 55. Qf4 Ke2 56. Kc3 Ke1 57. Kd3 Kd1 58. Qf1# 1-0

[Event "26th Abu Dhabi Masters"]
[Site "Abu Dhabi UAE"]
[Date "2019.08.09"]
[Round "8.42"]
[White "Assaubayeva, Bibisara"]
[Black "Kushagra, Mohan"]
[Result "1-0"]
[WhiteTitle "FM"]
[BlackTitle "CM"]
[WhiteElo "2375"]
[BlackElo "2252"]
[WhiteFideId "13708694"]
[BlackFideId "25033638"]
[EventDate "2019.08.02"]

1. d4 Nf6 2. c4 e6 3. Nf3 d5 4. Nc3 a6 5. c5 b6 6. cxb6 cxb6 7. Bg5 Be7 8. e3
O-O 9. Bd3 Bb7 10. O-O h6 11. Bh4 Nbd7 12. Rc1 b5 13. a4 b4 14. Nb1 Bd6 15. Nbd2
Qb6 16. Nb3 a5 17. Nfd2 Rfc8 18. Qe2 Bc6 19. Ra1 Qb7 20. Rfc1 Ne4 21. Bxe4 dxe4
22. Nc4 Bc7 23. Bg3 Qa6 24. Qf1 Bd5 25. Bxc7 Rxc7 26. Ncd2 Qxf1+ 27. Kxf1 Rac8
28. Rxc7 Rxc7 29. Nxa5 Rc2 30. Ke1 Rxb2 31. Nac4 Rc2 32. Nd6 Nb8 33. N6xe4 Na6
34. Kd1 b3 35. Rb1 Nb4 36. Nc5 Ra2 37. e4 Bc6 38. Rxb3 Bxa4 39. Nxa4 Rxa4 40.
Rc3 Ra2 41. Ke2 Kf8 42. Rc4 Rb2 43. Rc8+ Ke7 44. Rc7+ Ke8 45. Rb7 Nd3 46. Rxb2
Nxb2 47. h4 Ke7 48. Nf1 Nc4 49. Ne3 Nd6 50. Kd3 h5 51. Nc4 Nb5 52. Ne5 g6 53. f3
Nd6 54. Kc3 Nb5+ 55. Kc4 Nd6+ 56. Kc5 Ne8 57. Kc6 Nd6 58. d5 exd5 59. exd5 Nf5
60. Kc7 Kf6 61. Nc4 Ng7 62. d6 Kf5 63. d7 Kf4 64. Nd6 Ne6+ 65. Kc8 Kg3 66. Ne4+
Kxg2 67. Ng5 1-0

[Event "26th Abu Dhabi Masters"]
[Site "Abu Dhabi UAE"]
[Date "2019.08.09"]
[Round "8.43"]
[White "Viani, Antonio Dcunha"]
[Black "Deshpande, Aniruddha"]
[Result "1/2-1/2"]
[WhiteTitle "IM"]
[BlackTitle "FM"]
[WhiteElo "2371"]
[BlackElo "2234"]
[WhiteFideId "5027330"]
[BlackFideId "5021774"]
[EventDate "2019.08.02"]

1. e4 c6 2. d4 d5 3. Nd2 dxe4 4. Nxe4 Bf5 5. Ng3 Bg6 6. h4 h6 7. Nf3 Nd7 8. h5
Bh7 9. Bd3 Bxd3 10. Qxd3 e6 11. Bd2 a5 12. O-O-O Bb4 13. c3 Be7 14. Ne4 Ngf6 15.
Kb1 Nxe4 16. Qxe4 Nf6 17. Qe2 Qd5 18. Ne5 Qe4+ 19. Qxe4 Nxe4 20. Be3 O-O 21. g4
Rfd8 22. f3 Nf6 23. f4 Bd6 24. Rdg1 Nd5 25. Bc1 Kf8 26. g5 Ne7 27. gxh6 gxh6 28.
f5 Nxf5 29. Ng4 Ke7 30. Nxh6 Rh8 31. Nxf5+ exf5 32. Rg5 Kf6 33. Rf1 f4 34. Bxf4
Bxf4 35. Rg4 Rxh5 36. Rgxf4+ Ke6 37. Rxf7 b5 38. R1f6+ Kd5 39. Rf5+ Rxf5 40.
Rxf5+ Kd6 41. a4 Rb8 42. Ka2 Kc7 43. d5 b4 44. c4 cxd5 45. Rxd5 Ra8 46. Kb3 Kb6
47. Rb5+ Kc6 48. Rh5 Ra7 49. Rb5 Ra8 50. Kc2 Ra7 51. Rd5 Kb6 52. Kd3 Kc6 53. Kd4
Rh7 54. Rxa5 Rh4+ 55. Kd3 Rh2 56. Ra6+ Kc5 57. Ra5+ Kc6 58. Rb5 Rxb2 59. Kd4
Rd2+ 60. Ke3 Rb2 61. Kd3 Rb3+ 62. Kd4 Rb1 63. Rc5+ Kd6 64. Rb5 Kc6 65. a5 Rd1+
66. Ke4 Rb1 67. Kd3 Rb2 68. Kd4 Rd2+ 69. Ke3 Rb2 70. Kd3 Ra2 71. Rh5 Rb2 72.
Rh6+ Kc5 73. Rh5+ Kc6 74. Rg5 Ra2 75. Rb5 Rb2 76. Kd4 Rd2+ 77. Ke5 Re2+ 78. Kf6
Ra2 79. Ke5 b3 80. Kd4 b2 81. Kc3 Rxa5 82. Rxb2 Rh5 83. Kb4 Rg5 84. Rh2 Rf5 85.
Rh6+ Kc7 86. c5 Rf1 1/2-1/2

[Event "26th Abu Dhabi Masters"]
[Site "Abu Dhabi UAE"]
[Date "2019.08.09"]
[Round "8.44"]
[White "Ni, Shiqun"]
[Black "Senthil, Maran K"]
[Result "1/2-1/2"]
[WhiteTitle "WGM"]
[WhiteElo "2409"]
[BlackElo "2222"]
[WhiteFideId "8608466"]
[BlackFideId "25035681"]
[EventDate "2019.08.02"]

1. e4 c6 2. d4 d5 3. Nc3 dxe4 4. Nxe4 Bf5 5. Ng3 Bg6 6. Bc4 e6 7. N1e2 Bd6 8. h4
h6 9. Nf4 Bxf4 10. Bxf4 Nf6 11. Bb3 O-O 12. Qd2 Nd5 13. Ne2 Nd7 14. O-O-O a5 15.
a3 a4 16. Ba2 b5 17. g4 N7b6 18. g5 h5 19. Be5 Nc4 20. Bxc4 bxc4 21. Nc3 Qb6 22.
Nxd5 cxd5 23. Rh3 1/2-1/2

[Event "26th Abu Dhabi Masters"]
[Site "Abu Dhabi UAE"]
[Date "2019.08.09"]
[Round "8.45"]
[White "Aaryan, Varshney"]
[Black "Socko, Monika"]
[Result "1/2-1/2"]
[WhiteTitle "FM"]
[BlackTitle "GM"]
[WhiteElo "2272"]
[BlackElo "2436"]
[WhiteFideId "45048975"]
[BlackFideId "1106619"]
[EventDate "2019.08.02"]

1. d4 Nf6 2. Nf3 g6 3. c4 Bg7 4. Nc3 d6 5. e4 O-O 6. Be2 Bg4 7. Be3 Nfd7 8. O-O
Nc6 9. d5 Bxf3 10. Bxf3 Na5 11. Be2 Bxc3 12. bxc3 e5 13. Rb1 b6 14. Bh6 Re8 15.
Qd2 Nb7 16. Bd3 Nbc5 17. Bc2 Nf6 18. f3 Qc8 19. Be3 Qa6 20. Bb3 Nfd7 21. Qe2
Rab8 22. Rfd1 Qa5 23. Bd2 a6 24. Be1 b5 25. Kh1 Rb7 26. cxb5 axb5 27. Rb2 Reb8
28. Rdb1 Nxb3 29. Rxb3 Nc5 30. R3b2 Qa4 31. Bf2 Qa3 32. Bxc5 Qxc5 33. Rb3 Rb6
34. h3 Kg7 35. Kh2 h5 36. Kh1 Ra8 37. Rxb5 Rxb5 38. Rxb5 Qxc3 39. Rb2 Qc1+ 40.
Kh2 Qf4+ 41. Kh1 Qc1+ 42. Kh2 Qf4+ 43. Kh1 Ra4 44. Qd2 Qg3 45. Qf2 h4 46. Kg1 f5
47. Rc2 Rd4 48. Qe2 Qf4 49. Rxc7+ Kh6 50. Rc2 fxe4 51. fxe4 Rxe4 52. Qd2 Rd4 53.
Qxf4+ exf4 54. Kf2 Rxd5 55. Kf3 Kg5 56. Rc3 Ra5 57. a4 Kf5 58. Rb3 Kf6 59. Rb6
Ke6 60. Kxf4 Rxa4+ 61. Kg5 Ke5 62. Rb8 Ra2 63. Re8+ Kd4 64. Kxg6 Rxg2+ 65. Kh5
d5 66. Kxh4 Kd3 67. Kh5 d4 68. h4 Re2 69. Rd8 Ke4 70. Kh6 d3 71. h5 Rh2 72. Kg6
Rg2+ 73. Kf6 Rf2+ 74. Kg6 Rg2+ 75. Kf6 Rh2 76. Kg6 d2 77. h6 Ke3 78. h7 Rh1 79.
Rxd2 Kxd2 1/2-1/2

[Event "26th Abu Dhabi Masters"]
[Site "Abu Dhabi UAE"]
[Date "2019.08.09"]
[Round "8.46"]
[White "Soumya, Swaminathan"]
[Black "Samant, Aditya S"]
[Result "0-1"]
[WhiteTitle "WGM"]
[WhiteElo "2377"]
[BlackElo "2295"]
[WhiteFideId "5016193"]
[BlackFideId "35080580"]
[EventDate "2019.08.02"]

1. d4 Nf6 2. Nf3 e6 3. g3 c5 4. Bg2 Nc6 5. O-O cxd4 6. Nxd4 Bc5 7. Nb3 Be7 8. e4
O-O 9. Nc3 d6 10. h3 Bd7 11. Qe2 a6 12. f4 b5 13. a3 e5 14. Be3 Na5 15. Nxa5
Qxa5 16. Rad1 Qc7 17. f5 a5 18. Nxb5 Bxb5 19. Qxb5 Rfb8 20. Qd3 Rxb2 21. Rc1 Rc8
22. c4 a4 23. Rc3 Rcb8 24. g4 h6 25. Rfc1 Nd7 26. Qf1 Bg5 27. Bxg5 hxg5 28. Qd3
Qc5+ 29. Kh1 Ra2 30. Qe3 Rbb2 31. Bf1 Qxe3 32. Rxe3 Rb3 33. Ree1 Raxa3 34. Red1
Rb6 35. Ra1 Rxa1 36. Rxa1 Nc5 37. Kg2 Rb3 38. Be2 a3 39. Bd1 Rb2+ 40. Kf3 a2 0-1

[Event "26th Abu Dhabi Masters"]
[Site "Abu Dhabi UAE"]
[Date "2019.08.09"]
[Round "8.47"]
[White "Wagh, Suyog"]
[Black "Rakesh, Kumar Jena"]
[Result "1/2-1/2"]
[WhiteTitle "FM"]
[BlackTitle "IM"]
[WhiteElo "2253"]
[BlackElo "2375"]
[WhiteFideId "25071688"]
[BlackFideId "5084822"]
[EventDate "2019.08.02"]

1. Nf3 d5 2. d4 Nf6 3. c4 e6 4. g3 Bb4+ 5. Bd2 Be7 6. Bg2 O-O 7. O-O c6 8. Qc2
Nbd7 9. Rd1 b6 10. Bf4 Bb7 11. Nc3 Nh5 12. Bc1 Nhf6 13. b3 Rc8 14. e4 dxe4 15.
Nxe4 Nxe4 16. Qxe4 Nf6 17. Qe2 Qc7 18. Bf4 Bd6 19. Ne5 Qe7 20. a4 Bb4 21. Rd3
Rfd8 22. Rad1 h6 23. h4 Bd6 24. Bf3 Nd7 25. Qd2 Nf8 26. Bg2 Bb4 27. Qe2 f6 28.
Ng4 Rd7 29. Bd2 Rcd8 30. Bxb4 Qxb4 31. Ne3 Qe7 32. Bh3 f5 33. Bg2 Qf6 34. Nc2 g5
35. hxg5 hxg5 36. b4 Rh7 37. Qe5 Qh6 38. d5 cxd5 39. cxd5 Re8 40. Nd4 Ng6 41.
Qd6 Bxd5 42. Bxd5 exd5 43. Qxd5+ Kh8 44. Nxf5 Qh2+ 45. Kf1 Nf8 46. Qg2 Qh5 47.
g4 Qg6 48. Rd8 Qe6 49. Rxe8 Qxe8 50. Re1 Qxa4 51. Qe4 Qd7 52. Kg1 Qc7 53. Qd4+
Kg8 54. Qd5+ Kh8 55. Qd4+ Kg8 56. Qd5+ Kh8 57. Ng3 Qf4 58. Re4 Qf6 59. Re5 Rd7
60. Qe4 Qf4 61. Re8 Qxe4 62. Nxe4 Kg7 63. Nxg5 Rd4 64. Re4 Rxe4 65. Nxe4 a5 66.
bxa5 bxa5 67. Nc3 Kf6 68. f4 Ng6 69. Ne4+ Ke7 70. f5 Ne5 71. g5 Nf3+ 72. Kf2
Nxg5 73. Nxg5 Kf6 74. Ne4+ Kxf5 75. Ke3 a4 76. Nc3 a3 77. Kd4 a2 78. Nxa2 1/2-1/2

[Event "26th Abu Dhabi Masters"]
[Site "Abu Dhabi UAE"]
[Date "2019.08.09"]
[Round "8.48"]
[White "Manush, Shah"]
[Black "Ajay Krishna, S"]
[Result "0-1"]
[WhiteTitle "FM"]
[WhiteElo "2373"]
[BlackElo "2280"]
[WhiteFideId "5040680"]
[BlackFideId "5096430"]
[EventDate "2019.08.02"]

1. d4 Nf6 2. Nf3 c5 3. e3 d5 4. Bd3 Nc6 5. O-O Bg4 6. c3 e6 7. Nbd2 Bd6 8. b3
O-O 9. Bb2 Qe7 10. Rc1 e5 11. dxe5 Nxe5 12. Be2 Rad8 13. Nxe5 Qxe5 14. g3 Qh5
15. Re1 Rfe8 16. Nf1 c4 17. f3 Bh3 18. Qd4 b6 19. b4 Bxf1 20. Rxf1 Qh6 21. e4
Bc7 22. Rcd1 b5 23. Bc1 Qg6 24. Qxa7 Bxg3 25. hxg3 Qxg3+ 26. Kh1 Re5 27. f4 Re6
28. Qf2 Nxe4 29. Qxg3 Nxg3+ 30. Kg2 Nxe2 31. Bd2 d4 32. Kf3 Nxc3 33. Bxc3 Re3+
34. Kg2 Rxc3 35. Rfe1 g6 0-1

[Event "26th Abu Dhabi Masters"]
[Site "Abu Dhabi UAE"]
[Date "2019.08.09"]
[Round "8.49"]
[White "Aakanksha, Hagawane"]
[Black "Raja, Rithvik R"]
[Result "0-1"]
[WhiteTitle "WIM"]
[BlackTitle "IM"]
[WhiteElo "2244"]
[BlackElo "2364"]
[WhiteFideId "25014510"]
[BlackFideId "35007394"]
[EventDate "2019.08.02"]

1. e4 c5 2. Nf3 d6 3. Bb5+ Nd7 4. O-O Nf6 5. Re1 a6 6. Bf1 b6 7. d4 cxd4 8. Nxd4
Bb7 9. f3 e6 10. c4 Be7 11. Nc3 O-O 12. Be3 Rc8 13. Rc1 Qc7 14. Qe2 Rfe8 15.
Red1 Qb8 16. Qf2 Bd8 17. Kh1 Bc7 18. Qh4 Ne5 19. Qh3 Ng6 20. Bg5 Bd8 21. Qg3 h6
22. Bxf6 Bxf6 23. Nde2 Red8 24. b3 Rc5 25. Qf2 b5 26. cxb5 axb5 27. b4 Rc4 28.
a3 d5 29. Qb6 Rdc8 30. exd5 Bxc3 31. Nxc3 Rxc3 32. Rxc3 Rxc3 33. dxe6 Qc7 34.
Qxb5 Nf8 35. exf7+ Qxf7 36. Kg1 Kh8 37. a4 Qe7 38. Qb6 Rc2 39. Qd8 Qxb4 40. Rd4
Qa3 41. Qd6 Qe3+ 42. Kh1 Rc8 43. h3 Qf2 44. Rd1 Re8 45. a5 Ne6 46. Bb5 Bxf3 47.
gxf3 Qxf3+ 48. Kh2 Nf4 49. Rd2 Qxh3+ 50. Kg1 Qg3+ 0-1

[Event "26th Abu Dhabi Masters"]
[Site "Abu Dhabi UAE"]
[Date "2019.08.09"]
[Round "8.50"]
[White "Srihari, L R"]
[Black "Kulkarni, Rakesh"]
[Result "1-0"]
[WhiteTitle "FM"]
[BlackTitle "IM"]
[WhiteElo "2227"]
[BlackElo "2360"]
[WhiteFideId "46617116"]
[BlackFideId "5037077"]
[EventDate "2019.08.02"]

1. d4 c5 2. d5 e5 3. e4 d6 4. Nc3 g6 5. Bb5+ Nd7 6. a4 a6 7. Be2 b6 8. Nf3 Bg7
9. Nd2 Qe7 10. Nc4 Nh6 11. f4 O-O 12. O-O f5 13. fxe5 Nxe5 14. Bxh6 Bxh6 15.
Nxb6 Rb8 16. Nxc8 Rbxc8 17. exf5 gxf5 18. Bxa6 Be3+ 19. Kh1 Ng4 20. Qf3 Rf6 21.
h3 Rcf8 22. g3 Qg7 23. hxg4 Qg5 24. Rae1 Bd4 25. Qf4 Qg7 26. g5 Rg6 27. Re6 Rxg5
28. Ne2 Be5 29. Qh4 Bf6 30. Qh3 Kh8 31. Bb5 Bxb2 32. Qh6 Qg8 33. Qxf8 Qxf8 34.
Re8 Qxe8 35. Bxe8 Rg4 36. Rf4 1-0

[Event "26th Abu Dhabi Masters"]
[Site "Abu Dhabi UAE"]
[Date "2019.08.09"]
[Round "8.51"]
[White "Dixit, Nikhil"]
[Black "Adnan, Habib"]
[Result "1-0"]
[WhiteTitle "FM"]
[WhiteElo "2358"]
[BlackElo "2197"]
[WhiteFideId "5059534"]
[BlackFideId "11202270"]
[EventDate "2019.08.02"]

1. e4 e6 2. d4 d5 3. exd5 exd5 4. c4 Nf6 5. Nc3 Bb4 6. Bd3 dxc4 7. Bxc4 O-O 8.
Ne2 Nbd7 9. O-O Nb6 10. Bd3 h6 11. Bf4 Nbd5 12. Be5 b6 13. Nxd5 Nxd5 14. Be4 Be6
15. Nf4 Qd7 16. Nxe6 fxe6 17. Qb3 Be7 18. Qg3 Bf6 19. Qg6 Rad8 20. f4 Ne7 21.
Qh7+ Kf7 22. f5 Bxe5 23. dxe5 Qd4+ 24. Kh1 Rh8 25. fxe6+ Kxe6 26. Bf5+ Kd5 27.
Qxg7 Nxf5 28. Qf7+ Kc6 29. Rac1+ Kb5 30. Rxf5 Rhf8 31. Qb3+ Qb4 32. Qxb4+ Kxb4
33. Rxf8 Rxf8 34. h4 c5 35. Re1 Kc4 36. e6 Kd3 37. e7 Re8 38. Kg1 c4 39. Kf2 b5
40. a3 Kc2 41. Re2+ Kb3 42. Kf3 a5 43. Kf4 c3 44. bxc3 Kxa3 45. Re5 1-0

[Event "26th Abu Dhabi Masters"]
[Site "Abu Dhabi UAE"]
[Date "2019.08.09"]
[Round "8.52"]
[White "Pranav, Anand"]
[Black "Tashkhodzhaev, Akram"]
[Result "1-0"]
[WhiteTitle "FM"]
[WhiteElo "2347"]
[BlackElo "2123"]
[WhiteFideId "46626786"]
[BlackFideId "14200406"]
[EventDate "2019.08.02"]

1. d4 Nf6 2. c4 c5 3. d5 b5 4. cxb5 a6 5. bxa6 Bxa6 6. Nc3 d6 7. Nf3 g6 8. e4
Bxf1 9. Kxf1 Nbd7 10. g3 Bg7 11. Kg2 O-O 12. a4 Qa5 13. Bd2 Rfb8 14. Nb5 Qb6 15.
Qc2 Ne8 16. Bc3 Nc7 17. Nxc7 Qxc7 18. Bxg7 Kxg7 19. Nd4 Qb7 20. Nb5 Nb6 21. b3
Nc8 22. Rhb1 Ra6 23. b4 cxb4 24. Rxb4 Na7 25. Rab1 Rb6 26. Nxd6 Rxb4 27. Nxb7
R4xb7 28. Rxb7 Rxb7 29. Qc5 Rd7 30. a5 Kf8 31. Qb6 f6 32. Kf3 Ke8 33. Qb8+ Kf7
34. Qh8 1-0

[Event "26th Abu Dhabi Masters"]
[Site "Abu Dhabi UAE"]
[Date "2019.08.09"]
[Round "8.53"]
[White "Kathmale, Sameer"]
[Black "Al Hosani, Omran"]
[Result "1-0"]
[WhiteTitle "IM"]
[BlackTitle "FM"]
[WhiteElo "2326"]
[BlackElo "2176"]
[WhiteFideId "5024498"]
[BlackFideId "9308733"]
[EventDate "2019.08.02"]

1. Nf3 Nf6 2. d4 g6 3. Bg5 Bg7 4. Nbd2 d5 5. e3 O-O 6. Bd3 c5 7. c3 b6 8. Qe2
Bb7 9. h4 Qc8 10. Ne5 Ba6 11. Bxa6 Qxa6 12. Qf3 cxd4 13. exd4 Nbd7 14. Nxd7 Nxd7
15. Qxd5 e5 16. Qxd7 exd4 17. c4 Rfe8+ 18. Kf1 h6 19. Be7 Qa5 20. Nb3 Qa6 21.
Nd2 Qa5 22. b4 Qa3 23. Rh3 Qb2 24. Nb3 Qc2 25. Rc1 Qxa2 26. Rf3 1-0

[Event "26th Abu Dhabi Masters"]
[Site "Abu Dhabi UAE"]
[Date "2019.08.09"]
[Round "8.54"]
[White "Zhang, Xiaowen"]
[Black "Vatsal, Singhania"]
[Result "1/2-1/2"]
[WhiteTitle "WGM"]
[BlackTitle "FM"]
[WhiteElo "2316"]
[BlackElo "2087"]
[WhiteFideId "8603219"]
[BlackFideId "25033972"]
[EventDate "2019.08.02"]

1. e4 c5 2. Nf3 d6 3. d4 cxd4 4. Nxd4 Nf6 5. Nc3 Nc6 6. Bg5 e6 7. Qd2 a6 8.
O-O-O Bd7 9. f4 Be7 10. Nf3 b5 11. Bxf6 gxf6 12. f5 Qb6 13. fxe6 fxe6 14. Kb1
O-O-O 15. g3 Kb8 16. Bh3 Bc8 17. Rhf1 h5 18. Qg2 Qc5 19. Ne2 d5 20. Nfd4 Nxd4
21. Nxd4 Qb6 22. Qe2 Bc5 23. Nb3 dxe4 24. Nxc5 Qxc5 25. Qxe4 Rxd1+ 26. Rxd1 Rd8
27. Rc1 f5 28. Qf4+ Qc7 29. Qh6 Bb7 30. Qxh5 Rd2 31. Qe8+ Qc8 32. Qxc8+ Bxc8 33.
Bf1 Rxh2 34. a4 bxa4 35. Bc4 Rg2 36. Re1 Rxg3 37. Bxe6 Rg6 38. Bxc8 Kxc8 39. Rf1
Rf6 40. Rf4 Kd7 41. Kc1 a3 42. bxa3 Ke6 43. Kd2 Ke5 44. Ra4 f4 45. Ke2 Rc6 46.
Ra5+ Ke4 47. Ra4+ Kf5 48. c4 Kg4 49. Kf2 Rh6 50. c5 Rh2+ 51. Kg1 Rc2 52. Rxa6
Kf3 53. Rb6 Rc3 54. a4 Rxc5 55. Rb3+ Kg4 1/2-1/2

[Event "26th Abu Dhabi Masters"]
[Site "Abu Dhabi UAE"]
[Date "2019.08.09"]
[Round "8.55"]
[White "Gajwa, Ankit"]
[Black "Tarini, Goyal"]
[Result "1/2-1/2"]
[WhiteTitle "FM"]
[BlackTitle "WFM"]
[WhiteElo "2302"]
[BlackElo "2038"]
[WhiteFideId "5077834"]
[BlackFideId "5082749"]
[EventDate "2019.08.02"]

1. e4 c6 2. d4 d5 3. Nd2 dxe4 4. Nxe4 Bf5 5. Ng3 Bg6 6. h4 h6 7. Nf3 e6 8. Ne5
Bh7 9. Bd3 Bxd3 10. Qxd3 Nd7 11. f4 Be7 12. Nh5 Ngf6 13. Nxg7+ Kf8 14. Nxe6+
fxe6 15. Bd2 Rh7 16. g4 Kg8 17. Rg1 Nxe5 18. fxe5 Ne8 19. O-O-O Bxh4 20. g5 hxg5
21. Rdf1 Ng7 22. Rf6 Nf5 23. Rg4 Qd5 24. c4 Qd7 25. d5 cxd5 26. cxd5 Rd8 1/2-1/2

[Event "26th Abu Dhabi Masters"]
[Site "Abu Dhabi UAE"]
[Date "2019.08.09"]
[Round "8.56"]
[White "Tabada, Jobannie C."]
[Black "Sankalp, Gupta"]
[Result "1-0"]
[WhiteElo "2216"]
[BlackElo "2416"]
[WhiteFideId "5206073"]
[BlackFideId "5097010"]
[EventDate "2019.08.02"]

1. e4 e6 2. d4 d5 3. Nc3 Nf6 4. e5 Nfd7 5. f4 c5 6. Nf3 Nc6 7. Be3 Be7 8. Qd2
O-O 9. Be2 b6 10. O-O f5 11. exf6 Nxf6 12. Kh1 Bb7 13. Bd3 h6 14. Rae1 c4 15.
Be2 Bb4 16. Qc1 Bxc3 17. bxc3 Ne4 18. Qa1 Ne7 19. Ne5 Nf5 20. Bf3 Nfd6 21. Bc1
Qe8 22. Ba3 Qa4 23. Bxe4 Qxa3 24. Bg6 Rad8 25. Re3 Rf6 26. Ref3 Bc8 27. g4 Ne4
28. Qe1 Bd7 29. g5 hxg5 30. fxg5 Nxg5 31. Rxf6 gxf6 32. Rxf6 Rf8 33. Nxd7 Rxf6
34. Nxf6+ Kg7 35. Bh5 Qf8 36. Nd7 1-0

[Event "26th Abu Dhabi Masters"]
[Site "Abu Dhabi UAE"]
[Date "2019.08.09"]
[Round "8.57"]
[White "Ajay, Karthikeyan"]
[Black "Moksh, Amit Doshi"]
[Result "0-1"]
[WhiteTitle "FM"]
[WhiteElo "2213"]
[BlackElo "2343"]
[WhiteFideId "35011685"]
[BlackFideId "25064967"]
[EventDate "2019.08.02"]

1. d4 Nf6 2. Bf4 d5 3. e3 c5 4. Nf3 Nc6 5. Nbd2 e6 6. c3 cxd4 7. exd4 Nh5 8. Be3
Bd6 9. Ne5 g6 10. Nd3 f6 11. g3 e5 12. dxe5 fxe5 13. Bg2 e4 14. Nc5 Nf6 15. O-O
Qe7 16. Ncb3 Bg4 17. Qc2 O-O 18. Nd4 Rac8 19. h3 Bf5 20. Qb3 Qd7 21. Nxe4 Bxe4
22. Bxe4 Bxg3 23. Bg2 Bb8 24. Rad1 Rce8 25. Bc1 Kh8 26. Qc2 Nh5 27. Bh6 Qc7 28.
f4 Nxf4 29. Bxf8 Nxd4 30. Rxd4 Ne2+ 31. Qxe2 Qh2+ 32. Kf2 Qg3+ 33. Kg1 Rxe2 34.
Bg7+ Kxg7 35. Rf7+ Kxf7 36. Rf4+ Bxf4 37. Kh1 Rxb2 38. Bxd5+ Kg7 39. Bxb7 Rxb7
40. c4 Rb1# 0-1

[Event "26th Abu Dhabi Masters"]
[Site "Abu Dhabi UAE"]
[Date "2019.08.09"]
[Round "8.58"]
[White "Asaka, Samuel"]
[Black "Mithil, Ajgaonkar"]
[Result "0-1"]
[BlackTitle "FM"]
[WhiteElo "2201"]
[BlackElo "2314"]
[WhiteFideId "3228690"]
[BlackFideId "5017343"]
[EventDate "2019.08.02"]

1. d4 d5 2. Nf3 Nf6 3. c4 e6 4. g3 Be7 5. Bg2 O-O 6. O-O c6 7. Qc2 b6 8. Nbd2
Bb7 9. e4 Na6 10. a3 Rc8 11. b4 c5 12. dxc5 bxc5 13. b5 Nc7 14. exd5 exd5 15.
Nh4 Ba8 16. Nb3 dxc4 17. Qxc4 Bxg2 18. Nxg2 Qd5 19. Qa4 Qb7 20. Rb1 Qxb5 21.
Qxa7 Nfd5 22. Nd2 Qd3 23. Rb3 Qc2 24. Ne3 Nxe3 25. Rxe3 Bg5 26. f4 Bf6 27. Nf3
Nb5 28. Qa5 Nc3 29. Kh1 Nd1 30. Ree1 Bc3 0-1

[Event "26th Abu Dhabi Masters"]
[Site "Abu Dhabi UAE"]
[Date "2019.08.09"]
[Round "8.59"]
[White "Krzywda, Andrzej"]
[Black "Srijit, Paul"]
[Result "0-1"]
[WhiteTitle "CM"]
[WhiteElo "2190"]
[BlackElo "2304"]
[WhiteFideId "1114565"]
[BlackFideId "5094798"]
[EventDate "2019.08.02"]

1. d4 f5 2. g4 fxg4 3. h3 d5 4. hxg4 Bxg4 5. f3 Bf5 6. Nc3 Nf6 7. e4 dxe4 8.
fxe4 Nxe4 9. Qf3 Nd6 10. Bf4 Nc6 11. O-O-O Qd7 12. d5 Nd8 13. Qe3 a6 14. Nf3
N8f7 15. Nd4 g5 16. Bxg5 Bg7 17. Ne6 Bxc3 18. Qxc3 Bxe6 19. dxe6 Qxe6 20. Bf4
Qf6 21. Qe3 O-O-O 22. Bh3+ Kb8 23. Rhf1 e5 24. Bg3 Qg5 25. Rde1 e4 26. Bf4 Qa5
27. Be6 Rhe8 28. Qb3 Ne5 29. Bd5 Nf3 30. Bxd6 Qd2+ 31. Kb1 Qxe1+ 32. Rxe1 Nd2+
33. Kc1 Nxb3+ 34. axb3 Rxd6 0-1

[Event "26th Abu Dhabi Masters"]
[Site "Abu Dhabi UAE"]
[Date "2019.08.09"]
[Round "8.60"]
[White "Srija, Seshadri"]
[Black "Priyanka, K"]
[Result "1-0"]
[WhiteTitle "WIM"]
[WhiteElo "2284"]
[BlackElo "2201"]
[WhiteFideId "5055903"]
[BlackFideId "5082986"]
[EventDate "2019.08.02"]

1. e4 c5 2. Nf3 d6 3. d4 cxd4 4. Nxd4 Nf6 5. Nc3 a6 6. h4 e5 7. Nb3 Be6 8. f4
exf4 9. Bxf4 Nc6 10. Qd2 d5 11. O-O-O Bb4 12. Bg5 Nxe4 13. Qe3 Qc7 14. Nxd5 Bxd5
15. Rxd5 O-O 16. Qxe4 Rfe8 17. Qg4 Re1+ 18. Rd1 Rxd1+ 19. Kxd1 Qe5 20. c3 Re8
21. Bd3 Bxc3 22. bxc3 Qxc3 23. Qc4 1-0

[Event "26th Abu Dhabi Masters"]
[Site "Abu Dhabi UAE"]
[Date "2019.08.09"]
[Round "8.61"]
[White "Chitlange, Sakshi"]
[Black "Salih, Akar Ali Salih"]
[Result "1/2-1/2"]
[WhiteTitle "WIM"]
[BlackTitle "FM"]
[WhiteElo "2147"]
[BlackElo "2274"]
[WhiteFideId "35002899"]
[BlackFideId "4800575"]
[EventDate "2019.08.02"]

1. d4 Nf6 2. c4 g6 3. Nc3 Bg7 4. e4 d6 5. Be2 O-O 6. Bg5 c5 7. d5 Qa5 8. Qd2 a6
9. f3 Nbd7 10. Nh3 Ne5 11. Nf2 Qb4 12. Nd3 Nxd3+ 13. Bxd3 h6 14. Be3 Nd7 15. f4
Nb6 16. Nd1 Qxd2+ 17. Kxd2 e6 18. Rc1 exd5 19. exd5 Nd7 20. Nc3 Nf6 21. h3 Bf5
22. a4 Rfe8 23. g4 Ne4+ 24. Bxe4 Bxe4 25. Rhe1 Bg2 26. Rg1 Be4 27. f5 g5 28.
Nxe4 Rxe4 29. b3 Rae8 30. Rge1 Bb2 31. Rcd1 Ba3 32. Kd3 Bb4 33. Re2 R4e5 34. Rg1
b5 35. Rgg2 bxa4 36. bxa4 Ba5 37. Bc1 Rxe2 38. Rxe2 Rxe2 39. Kxe2 f6 40. Kd3 Kf7
41. Be3 Ke7 42. Ke4 Kd7 43. Bf2 Kc7 44. Kd3 Bb4 45. h4 Kb6 46. hxg5 hxg5 47. Be3
Kc7 48. Ke4 Kd7 49. Kd3 Ke7 50. Bc1 Kf7 51. Kc2 a5 52. Kd3 Ke7 53. Bb2 Kf7 54.
Ke4 Ke7 55. Bc1 1/2-1/2